000 01193nam1a22003011i 4500
001 rc\2142440
005 20240726015128.0
035 _a(NLR Aleph) 006702208
090 _a5255925
_c5255925
100 _a20110829g1978 |||y0rusy50 ca
101 1 _arus
_cpor
102 _aRU
105 _ay z |||h|
200 1 _aПортугалия: революция на марше
_eРечи и выступления 1974-1975 гг.
_e[Пер. с португ.]
_f[Предисл. Б. Лихачева]
210 _aМосква
_cПрогресс
_d1978-
215 _d20
311 _aПеревод изд.: Discursos politicos / Alvaro Cunhal. C Avantel, 1975
454 0 _12001#$aDiscursos politicos$fAlvaro Cunhal
_1700#1$aCunhal$bA.$gAlvaro
_tDiscursos politicos
_aCunhal, Alvaro
606 _aПортугалия
_z20 в
_2psbo
606 _aПортугальская коммунистическая партия
_2psbo
700 1 _aКуньял
_bА.
_f1913-
_gАлваро
702 1 _aЛихачев
_bБ.
_4080
801 0 _aRU
_bNLR
_gpsbo
801 1 _aRU
_bELAR
_2rusmarc
852 _aNLR
_j78-3/6080
899 _aRuMoRGB
_jБ 78-14/118
899 _aRuMoRGB
_jБ 78-14/120
942 _cBOOK